| 000 | 00911nam a2200205Ia 4500 | ||
|---|---|---|---|
| 003 | Ost | ||
| 005 | 20260507075642.0 | ||
| 008 | 260507s9999||||xx |||||||||||||| ||und|| | ||
| 040 | _cfsecg | ||
| 041 | _aara | ||
| 082 | _a346.07 | ||
| 100 |
_aشفيق، وجدي _eمؤلف |
||
| 245 | 0 |
_aالإجراءات العملية في التراخيص / _c وجدي شفيق |
|
| 260 |
_aالقاهرة: _bدار الحقانية للنشر والتوزيع, _c[د.ت.] |
||
| 300 |
_a600 صفحة؛ _bإيضاحات ؛ _c24 سم |
||
| 520 | _aتراخيص الأنشطة التجارية والصناعية والأماكن العامة والملاهي والانشطة السياحية ، تراخيص المهن الحرة، التراخيص الواردة في قانون تنظيم المنشآت الطبية | ||
| 653 | _aالتراخيص | ||
| 653 | _aالمحلات التجارية | ||
| 942 | _cكتاب | ||
| 999 |
_c45436 _d45436 |
||